| 000 | 00405nam a2200145Ia 4500 | ||
|---|---|---|---|
| 008 | 230917s9999||||xx |||||||||||||| ||und|| | ||
| 040 |
_e157880 _aMAIN |
||
| 041 | _aEnglish | ||
| 082 | _a330.1 U1W | ||
| 100 | _aUnited Nations | ||
| 245 | 0 | _aWorld economic and social Survey 2001: Trends and policies in the world economy | |
| 260 |
_aNew York _bUnited Nations _c2001 |
||
| 300 | _a283 p. | ||
| 942 | _cBK | ||
| 999 |
_c133495 _d133495 |
||